000 00451nam a2200181Ia 4500
001 18190
005 20260306171612.0
008 260306s9999||||xx |||||||||||||| ||und||
041 _aESP
082 _a658.4012
_bT48 2012
100 _aThompson, Arthur A.
_eAUT
245 0 _aAdministración estratégica:
_bteoría y casos
260 _c2012
300 _a408 páginas :
_c27 cm.
650 _aGEN
654 _aCAN
942 _cLIB
_dJUS
_fJUS
_2ddc
_n
999 _c18190
_d18190